000 00704nam a2200229Ia 4500
003 OSt
005 20220925210354.0
006 a|||||r|||| 00| 0
007 ta
008 220923b |||||||| |||| 00| 0 eng d
037 _cGeneral Book
040 _aRTL
_cRTL
_beng
041 _2eng
_aeng
082 _aX415:8F.2.P02 - P01r, P2/GD
110 _aINDIA (Govt. of-), MINISTRY OF RAILWAYS
_9272423
245 0 _aAnnual Report and Accounts 2001-2002
260 _aIndia
_bGovt. of India
_c2002
300 _a76p.
_ccm.
700 _aINDIA (Govt. of-), MINISTRY OF RAILWAYS
_9272424
942 _hX415:8F.2.P02 - P01r, P2/GD
_cGB
_2CC
999 _c554903
_d554903